Level of Motivation of Foreign Language students in Learning Korean and English in a state university. (Record no. 80800)

MARC details
000 -LEADER
fixed length control field 00637nam a22002057a 4500
003 - CONTROL NUMBER IDENTIFIER
control field URS
005 - DATE AND TIME OF LATEST TRANSACTION
control field 20240920174852.0
008 - FIXED-LENGTH DATA ELEMENTS--GENERAL INFORMATION
fixed length control field 240920b |||||||| |||| 00| 0 eng d
040 ## - CATALOGING SOURCE
Transcribing agency URS
050 ## - LIBRARY OF CONGRESS CALL NUMBER
Classification number AB00142
100 ## - MAIN ENTRY--PERSONAL NAME
Relator code author
Personal name Baltazar, Mia Kaye D.
245 ## - TITLE STATEMENT
Title Level of Motivation of Foreign Language students in Learning Korean and English in a state university.
260 ## - PUBLICATION, DISTRIBUTION, ETC.
Place of publication, distribution, etc. Angono, Rizal;
Date of publication, distribution, etc. 2023
300 ## - PHYSICAL DESCRIPTION
Extent xiii, 64 p: 30 cm.
700 ## - ADDED ENTRY--PERSONAL NAME
Relator code author
Personal name Espiritu, Angela Mae A.
700 ## - ADDED ENTRY--PERSONAL NAME
Relator code author
Personal name Rosas, Clara G.
700 ## - ADDED ENTRY--PERSONAL NAME
Relator code author
Personal name Torres, Joyce Ann F.
700 ## - ADDED ENTRY--PERSONAL NAME
Relator code author
Personal name Trajada, Trisha Mae E.
942 ## - ADDED ENTRY ELEMENTS (KOHA)
Source of classification or shelving scheme Library of Congress Classification
Koha item type Theses and dissertations
Holdings
Withdrawn status Source of classification or shelving scheme Damaged status Not for loan Home library Current library Date acquired Total Checkouts Full call number Barcode Date last seen Price effective from Koha item type
  Library of Congress Classification     Angono College Library Angono College Library 09/20/2024   AB00142 AB00142 09/20/2024 09/20/2024 Theses and dissertations

University of Rizal System
Email us at univlibservices@urs.edu.ph

Visit our Website www.urs.edu.ph/library